000 00586nam a2200181Ia 4500
008 090711s9999 xx 000 0 und d
082 _b56368
100 _aअलबेरुनी
245 _aअलबेरुनीSाा भारत
260 _bसाहित्य अकादेमी
_c1986
300 _a177
600 _aअलबेरुनी
630 _aअलबेरुनीSाा भारत
700 _aअलबेरुनी
700 _aपठाण यू.म.
730 _aअलबेरुनीSाा भारत
942 _cBOOK
999 _c325569
_d325569